Problémy slovenského poľnohospodárstva v transformačnom procese.

Poľnohospodárstvo na Slovensku je v krízovej situácii. Problémy s odbytom produkcie, odbúranie dotácií, politika cenových klieští. Rozvoj Agrokomplexu sa môže opierať o reprodukujúcu sa surovinovú základňu, o vlastné prírodné zdroje, o vybudovanú materiálno-výrobnú základňu a odborne kvalifikovanú p...

Descripción completa

Guardado en:
Detalles Bibliográficos
Autor principal: Klinko, L.
Formato: Capítulo de libro
Lenguaje:eslovaco
Materias:
Etiquetas: Agregar Etiqueta
Sin Etiquetas, Sea el primero en etiquetar este registro!

MARC

LEADER 00000naa a2200000 4500
001 r012015
005 20220831094546.1
041 0 |a slo 
044 |a SK 
245 1 0 |a Problémy slovenského poľnohospodárstva v transformačnom procese.  |c L. Klinko 
520 |a Poľnohospodárstvo na Slovensku je v krízovej situácii. Problémy s odbytom produkcie, odbúranie dotácií, politika cenových klieští. Rozvoj Agrokomplexu sa môže opierať o reprodukujúcu sa surovinovú základňu, o vlastné prírodné zdroje, o vybudovanú materiálno-výrobnú základňu a odborne kvalifikovanú pracovnú silu. Potreba správnej legislatívnej regulácie procesu transformácie. 
610 2 0 |a poľnohospodárstvo 
610 2 0 |a Slovensko 
610 2 0 |a transformácia 
610 2 0 |a legislatíva 
100 1 |a Klinko, L.